[Event "EU-Cup (Women) 14th"]
[Site "Ohrid"]
[Date "2009.10.09"]
[Round "6.4"]
[White "Kursova, Maria"]
[Black "Weigel, Marie"]
[Result "1-0"]
[WhiteElo "2295"]
[BlackElo "1857"]
[PlyCount "59"]
[EventDate "2009.10.04"]
[EventType "team-swiss"]
[EventRounds "7"]
[EventCountry "MKD"]
[SourceTitle "CBM 132 Extra"]
[Source "ChessBase"]
[SourceDate "2009.11.03"]
[SourceVersion "1"]
[SourceVersionDate "2009.11.03"]
[SourceQuality "1"]
[WhiteTeam "Saratov Economist (W)"]
[BlackTeam "Vandoeuvre (W)"]
[WhiteTeamCountry "YUG"]
[BlackTeamCountry "FRA"]

1. d4 g6 2. Nf3 Bg7 3. c4 d6 4. g3 Nd7 5. Bg2 e5 6. Nc3 Ne7 7. 0-0 0-0 8. e4 exd4 9. Nxd4 a5 10. Be3 Nc5 11. Qd2 Re8 12. Rfe1 Bd7 13. Rad1 Nc6 14. b3 Nb4 15. f3 Nbd3 16. Re2 c6 17. Qc2 Nb4 18. Qb1 Qf6 19. a3 Nba6 20. Red2 Rad8 21. Nde2 Bc8 22. b4 axb4 23. axb4 Nd7 24. Rxd6 Qe7 25. Bf2 Be5 26. R6d2 Nxb4 27. Bh3 Na6 28. Bxd7 Bxd7 29. Qxb7 Nc5 30. Qa7 1-0

[Event "EU-Cup (Women) 14th"]
[Site "Ohrid"]
[Date "2009.10.06"]
[Round "3.4"]
[White "Rapport, Jovana"]
[Black "Weigel, Marie"]
[Result "1-0"]
[WhiteElo "2359"]
[BlackElo "1857"]
[PlyCount "77"]
[EventDate "2009.10.04"]
[EventType "team-swiss"]
[EventRounds "7"]
[EventCountry "MKD"]
[SourceTitle "CBM 132 Extra"]
[Source "ChessBase"]
[SourceDate "2009.11.03"]
[SourceVersion "1"]
[SourceVersionDate "2009.11.03"]
[SourceQuality "1"]
[WhiteTeam "Podgorica T Com (W)"]
[BlackTeam "Vandoeuvre (W)"]
[WhiteTeamCountry "MNE"]
[BlackTeamCountry "FRA"]

1. d4 d5 2. Nf3 Nf6 3. c4 e6 4. g3 Be7 5. Bg2 0-0 6. 0-0 dxc4 7. Qc2 a6 8. a4 Bd7 9. Ne5 Bc8 10. Qxc4 Nbd7 11. Nxd7 Qxd7 12. Bf4 c6 13. a5 Nd5 14. Bd2 Rd8 15. e4 Nc7 16. Be3 Nb5 17. Ra4 Bf6 18. e5 Be7 19. Nd2 Nc7 20. Qc1 c5 21. Rc4 Nd5 22. Nb3 cxd4 23. Nxd4 Qe8 24. Bg5 Bd7 25. Bxe7 Qxe7 26. Qd2 b5 27. Rcc1 Rac8 28. Rxc8 Rxc8 29. Nf5 exf5 30. Qxd5 Bc6 31. Rc1 Bb7 32. Rxc8+ Bxc8 33. Qd6 Kf8 34. Bc6 f6 35. Qb8 Qd8 36. Bb7 Qd1+ 37. Kg2 f4 38. Qxc8+ Kf7 39. e6+ 1-0

[Event "EU-Cup (Women) 14th"]
[Site "Ohrid"]
[Date "2009.10.05"]
[Round "2.4"]
[White "Weigel, Marie"]
[Black "Skripchenko, Almira"]
[Result "0-1"]
[WhiteElo "1857"]
[BlackElo "2448"]
[PlyCount "54"]
[EventDate "2009.10.04"]
[EventType "team-swiss"]
[EventRounds "7"]
[EventCountry "MKD"]
[SourceTitle "CBM 132 Extra"]
[Source "ChessBase"]
[SourceDate "2009.11.03"]
[SourceVersion "1"]
[SourceVersionDate "2009.11.03"]
[SourceQuality "1"]
[WhiteTeam "Vandoeuvre (W)"]
[BlackTeam "Monte Carlo (W)"]
[WhiteTeamCountry "FRA"]
[BlackTeamCountry "MNC"]

1. d4 Nf6 2. g3 g6 3. Bg2 Bg7 4. Nf3 0-0 5. 0-0 d6 6. c4 Nbd7 7. Nc3 e5 8. e4 c6 9. Qc2 a6 10. Be3 Ng4 11. Bg5 f6 12. Bd2 f5 13. d5 Nc5 14. Nh4 cxd5 15. exf5 gxf5 16. Nxd5 Be6 17. Rad1 Rc8 18. Be3 Nd7 19. Qb3 Nxe3 20. Nxe3 Nc5 21. Qc2 e4 22. f3 f4 23. Nd5 exf3 24. Bxf3 fxg3 25. hxg3 Qg5 26. Kg2 Be5 27. Qf2 Ne4 0-1

[Event "FRA Cup fin-B (Women)"]
[Site "Villandry"]
[Date "2009.06.28"]
[Round "1"]
[White "Weigel, Marie"]
[Black "Artiaga, Martine"]
[Result "1-0"]
[WhiteElo "1869"]
[BlackElo "1080"]
[PlyCount "33"]
[EventDate "2009.06.28"]
[EventType "tourn"]
[EventRounds "4"]
[EventCountry "FRA"]
[SourceTitle "CBM 131 Extra"]
[Source "ChessBase"]
[SourceDate "2009.09.03"]
[SourceVersion "2"]
[SourceVersionDate "2009.09.16"]
[SourceQuality "1"]

1. d4 d5 2. g3 Nf6 3. Bg2 e6 4. Nf3 Nc6 5. 0-0 Be7 6. Nbd2 0-0 7. c4 Bd7 8. Qc2 g6 9. Re1 Bb4 10. a3 Bxd2 11. Bxd2 Re8 12. Bg5 Ne7 13. Bxf6 Bc6 14. c5 Qd7 15. Qd2 Nf5 16. g4 Ng7 17. Qh6 1-0

[Event "EU-Cup (Women) 13th"]
[Site "Kallithea"]
[Date "2008.10.21"]
[Round "5"]
[White "Weigel, Marie"]
[Black "Dragovic, Nada"]
[Result "0-1"]
[WhiteElo "1865"]
[BlackElo "2011"]
[PlyCount "96"]
[EventDate "2008.10.17"]
[EventType "team-swiss"]
[EventRounds "7"]
[EventCountry "GRE"]
[SourceTitle "CBM 126 Extra"]
[Source "ChessBase"]
[SourceDate "2008.11.05"]
[SourceVersion "1"]
[SourceVersionDate "2008.11.05"]
[SourceQuality "1"]
[WhiteTeam "Vandoeuvre (W)"]
[BlackTeam "Ugljevik Rudar (W)"]
[WhiteTeamCountry "FRA"]
[BlackTeamCountry "BIH"]

1. d4 d6 2. e4 Nf6 3. Nc3 g6 4. Be3 Bg7 5. Qd2 0-0 6. Bh6 e5 7. Bxg7 Kxg7 8. d5 Nbd7 9. Bd3 Nc5 10. Nf3 Nh5 11. Ne2 Bg4 12. Qe3 Nxd3+ 13. Qxd3 f5 14. Nd2 fxe4 15. Nxe4 Bxe2 16. Qxe2 Nf4 17. Qg4 h5 18. Qg3 Nxd5 19. Qb3 Nb6 20. 0-0-0 Qh4 21. f3 Qf4+ 22. Kb1 Qf7 23. Qc3 Qc4 24. Qe3 Qb4 25. a3 Qa4 26. Nc3 Qc6 27. Rd3 Nc4 28. Qg5 Qb6 29. Nd1 Rae8 30. Ka2 Rf5 31. Qg3 e4 32. Rb3 Qc6 33. Re1 b6 34. fxe4 Rxe4 35. Rxe4 Qxe4 36. Rb4 Qxc2 37. Qh4 Qxd1 38. Rxc4 Rf7 39. Qg3 Qd5 40. Qc3+ Kh7 41. h4 Rf4 42. b3 Rxc4 43. Qxc4 Qxc4 44. bxc4 Kg7 45. Kb3 a5 46. Kc3 Kf6 47. Kd4 Ke6 48. a4 c6 0-1

[Event "EU-Cup (Women) 13th"]
[Site "Kallithea"]
[Date "2008.10.18"]
[Round "2"]
[White "Zivkovic, Vesna"]
[Black "Weigel, Marie"]
[Result "1-0"]
[WhiteElo "2122"]
[BlackElo "1865"]
[PlyCount "55"]
[EventDate "2008.10.17"]
[EventType "team-swiss"]
[EventRounds "7"]
[EventCountry "GRE"]
[SourceTitle "CBM 126 Extra"]
[Source "ChessBase"]
[SourceDate "2008.11.05"]
[SourceVersion "1"]
[SourceVersionDate "2008.11.05"]
[SourceQuality "1"]
[WhiteTeam "Rudovci Radnicki (W)"]
[BlackTeam "Vandoeuvre (W)"]
[WhiteTeamCountry "YUG"]
[BlackTeamCountry "FRA"]

1. d4 d5 2. Nf3 e6 3. e3 Nf6 4. Bd3 Be7 5. 0-0 0-0 6. Nbd2 Nbd7 7. b3 b6 8. Bb2 Bb7 9. c4 c5 10. Rc1 Rc8 11. Qe2 Ne4 12. Rfd1 Ndf6 13. Ne5 cxd4 14. exd4 Bb4 15. Nf1 h6 16. f3 Ng5 17. Ng3 Qe7 18. Bb1 Rc7 19. Qd3 Rfc8 20. f4 Ngh7 21. f5 Ba6 22. fxe6 Qxe6 23. Qe3 dxc4 24. Bf5 Nd5 25. Qf2 Qe8 26. Bxc8 Qxc8 27. bxc4 Bxc4 28. Rxc4 1-0

[Event "FRA-chT Top 12 (Women)"]
[Site "Vandoeuvre"]
[Date "2008.05.16"]
[Round "1"]
[White "Weigel, Marie"]
[Black "Bottagisi, Aline"]
[Result "1-0"]
[WhiteElo "1856"]
[BlackElo "1720"]
[PlyCount "63"]
[EventDate "2008.05.16"]
[EventType "team"]
[EventRounds "5"]
[EventCountry "FRA"]
[SourceTitle "CBM 124 Extra"]
[Source "ChessBase"]
[SourceDate "2008.07.03"]
[SourceVersion "1"]
[SourceVersionDate "2008.07.03"]
[SourceQuality "1"]
[WhiteTeam "Vandoeuvre (W)"]
[BlackTeam "Besancon (W)"]
[WhiteTeamCountry "FRA"]
[BlackTeamCountry "FRA"]

1. d4 d5 2. g3 Nf6 3. Bg2 c6 4. Nf3 Nbd7 5. 0-0 e6 6. c4 Be7 7. Nc3 0-0 8. Re1 Re8 9. e4 dxe4 10. Nxe4 Nb6 11. Ne5 Bb4 12. Nc3 Nfd7 13. Nxc6 bxc6 14. Bxc6 Bxc3 15. bxc3 Qc7 16. Qf3 Ba6 17. Bf4 Qc8 18. c5 Nd5 19. Bxd5 exd5 20. Qxd5 Rxe1+ 21. Rxe1 Nf6 22. Qb3 Bb7 23. Re7 Bd5 24. c4 Qh3 25. f3 Ng4 26. Re2 Bxc4 27. Qxc4 Nf6 28. Re7 Qh5 29. c6 Nd5 30. Re5 Nb6 31. Qe2 Qg6 32. Re8+ 1-0

[Event "FRA-ch U18 Girls"]
[Site "Le Grand Bornand"]
[Date "2007.04.09"]
[Round "3"]
[White "Weigel, Marie"]
[Black "Perrusset, Barbara"]
[Result "1/2-1/2"]
[WhiteElo "1863"]
[BlackElo "1859"]
[PlyCount "77"]
[EventDate "2007.04.07"]
[EventType "swiss"]
[EventRounds "9"]
[EventCountry "FRA"]
[SourceTitle "CBM 118 Extra"]
[Source "ChessBase"]
[SourceDate "2007.07.04"]
[SourceVersion "1"]
[SourceVersionDate "2007.07.04"]
[SourceQuality "1"]

1. e4 c5 2. Nf3 e6 3. d4 cxd4 4. Nxd4 a6 5. Nc3 Qc7 6. Bd3 Nf6 7. 0-0 Nc6 8. Nxc6 dxc6 9. f4 e5 10. f5 Be7 11. Rf3 0-0 12. Rg3 Rd8 13. Bh6 Bf8 14. Qd2 Qe7 15. Rf1 b5 16. Bxg7 Bxg7 17. Qh6 Ne8 18. f6 Qf8 19. fxg7 Nxg7 20. Qxc6 Be6 21. Qc7 Qd6 22. Qxd6 Rxd6 23. Rg5 Rc8 24. Rf3 Bc4 25. Bxc4 Rxc4 26. Rxe5 b4 27. Na4 Rxc2 28. h3 Rc1+ 29. Kh2 Kf8 30. Rf2 Rd4 31. Nc5 Rd6 32. Nb7 Rd7 33. Na5 Rd6 34. Nb3 Rcc6 35. Rd5 Rxd5 36. exd5 Rd6 37. Rf4 Rxd5 38. Rxb4 Rd6 39. Nc5 1/2-1/2

[Event "Selestat op-B 13th"]
[Site "Selestat"]
[Date "2006.02.??"]
[Round "6"]
[White "Weigel, Marie"]
[Black "Barbaras, Mathieu"]
[Result "1/2-1/2"]
[WhiteElo "1750"]
[BlackElo "1540"]
[PlyCount "61"]
[EventDate "2006.02.23"]
[EventType "swiss"]
[EventRounds "7"]
[EventCountry "FRA"]
[SourceTitle "CBM 111 Extra"]
[Source "ChessBase"]
[SourceDate "2006.05.09"]
[SourceVersion "1"]
[SourceVersionDate "2006.05.09"]
[SourceQuality "1"]

1. d4 d5 2. g3 Nf6 3. Bg2 Bf5 4. Nf3 e6 5. 0-0 c5 6. c4 Nc6 7. e3 Qd7 8. Nh4 Be4 9. f3 Bxb1 10. Rxb1 g5 11. cxd5 exd5 12. dxc5 gxh4 13. b4 hxg3 14. hxg3 b6 15. b5 Na5 16. c6 Qc7 17. Kf2 Rg8 18. f4 Ng4+ 19. Ke2 Nf6 20. Bb2 Ne4 21. Bxe4 dxe4 22. Qd5 Rxg3 23. Qxe4+ Qe7 24. Qxe7+ Bxe7 25. Rg1 Rxg1 26. Rxg1 Nc4 27. Rg8+ Bf8 28. Bg7 Ke7 29. Kd3 Nd6 30. e4 Rd8 31. c7 1/2-1/2

[Event "FRA-ch U16 Girls"]
[Site "Aix les Bains"]
[Date "2006.??.??"]
[Round "3"]
[White "Bomba, Melody"]
[Black "Weigel, Marie"]
[Result "0-1"]
[WhiteElo "1900"]
[BlackElo "1750"]
[PlyCount "58"]
[EventDate "2006.04.16"]
[EventType "swiss"]
[EventRounds "9"]
[EventCountry "FRA"]
[SourceTitle "EXT 2007"]
[Source "ChessBase"]
[SourceDate "2006.11.23"]
[SourceVersion "1"]
[SourceVersionDate "2006.11.23"]
[SourceQuality "1"]

1. d4 Nf6 2. c4 d6 3. Nc3 Nbd7 4. Bg5 c6 5. Nf3 Qc7 6. e4 e5 7. d5 Be7 8. Bd3 0-0 9. 0-0 a6 10. Re1 cxd5 11. cxd5 b5 12. Rc1 Qb7 13. b4 Nb6 14. Qe2 Bg4 15. h3 Bxf3 16. Qxf3 Nfxd5 17. exd5 Bxg5 18. Qh5 h6 19. Rcd1 g6 20. Qe2 f5 21. f3 Rac8 22. Nb1 Nxd5 23. Qb2 Kh7 24. Bf1 Qb6+ 25. Kh1 Ne3 26. Rd3 Nc4 27. Qb3 Qf2 28. Red1 Be3 29. Rxe3 Nxe3 0-1